01816nam a2200349 i 4500001001000000003000900010005001700019007000300036008004100039040003000080082002400110100002700134245012900161260005400290300002800344336002700372337003400399338002800433490002900461590002700490651007700517700004200594700004000636910003700676942001400713952014800727952014800875952014801023952014201171952013601313999001701449000015229DO-SdBNP20240316073901.0ta100203s1998 dr 001 0 spa d aDO-SdBNPbspacBNPHUerda 4a972.9304bA367m2221 aAlemar, Luis E.93447210aMención de próceres de la separación /cLuis E. Alemar ; prólogo Frank Moya Pons ; edición Tomás Castro Burdiez. aSanto Domingo :bLibrería la Trinitaria,c1998. a131 páginas ;c21 cm. 2rdacontentatextobtxt 2rdamediaasin mediación bn 2rdacarrieravolumenbnc0 aCuadernos patrioticosv5 aInventariado, 2023/MFF 4aRepública DominicanaxHistoriayOcupación haitiana, 1822-1844 976661 aMoya Pons, Tomás,eprólogo934473 aCastro, Tomás,d1959-eed.924641 aValidado. Control de calidad MFF 2ddccLBS1 00102ddc56708DSaBNPHUbBNPHUcHDd2010-02-03l0oBNPHU DS 972.9304 A367mp15229-30r2020-06-25te. 3w2020-06-25yLBS1ZPréstamo interno 00102ddc56708DSaBNPHUbBNPHUcHDd2010-02-03l0oBNPHU DS 972.9304 A367mp15229-40r2020-06-25te. 4w2020-06-25yLBS1ZPréstamo interno 00102ddc56708DSaBNPHUbBNPHUcHDd2010-02-03l0oBNPHU DS 972.9304 A367mp15229-50r2020-06-25te. 5w2020-06-25yLBS1ZPréstamo interno 00102ddc51708PDaBNPHUbBNPHUcHDd2010-02-03l0oBNPHU PD 972.9304 A367mp15229-10r2020-06-25te. 2w2020-06-25yLBS1ZNo se presta 00102ddc51708PDaBNPHUbBNPHUcHDd2010-02-03l0oBNPHU PD 972.9304 A367mp15229-20r2020-06-25w2020-06-25yLBS1ZNo se presta c14798d14798